Aplikačný potenciál baktérií Paracoccus sp.

Salvato in:
Dettagli Bibliografici
Autore principale: Akbarová, Kristína (Autore)
Altri autori: Krištofíková, Ľudmila (Relatore della tesi)
Natura: Manoscritto Libro
Lingua:slovacco
Pubblicazione: 2015
Soggetti:
Accesso online:http://is.stuba.sk/zp/portal_zp.pl?podrobnosti=101322
Tags: Aggiungi Tag
Nessun Tag, puoi essere il primo ad aggiungerne!!

MARC

LEADER 00000ntm a22000003a 4500
001 stuzp53062
003 SK-STU
005 20160719154352.0
007 ta
008 150427s2015----xo-----f-mn---000-0-slo-d
040 |a STU  |b slo 
041 0 |a slo 
100 1 |a Akbarová, Kristína  |u 044310  |4 aut  |U FCHPT Ústav biotechnológie a potravinárstva  |T FCHPT Oddelenie biochemickej technológie  |X 60636  |U C4310  |Y 116  |7 60636 
242 0 1 |a Application Potential of the Bacteria Paracoccus sp.  |y eng 
245 1 0 |a Aplikačný potenciál baktérií Paracoccus sp. 
260 |c 2015 
650 4 |a izopropanol  |2 slo 
650 4 |a Paracoccus sp.  |2 slo 
650 4 |a biodegradácia  |2 slo 
650 4 |a Paracoccus sp.  |2 eng 
650 4 |a biodegradation  |2 eng 
650 4 |a isopropanol  |2 eng 
700 1 |a Krištofíková, Ľudmila  |4 ths  |X 3346  |7 A000003346 
856 4 |u http://is.stuba.sk/zp/portal_zp.pl?podrobnosti=101322 
SQL |a stuzp53062  |b DBP  |c SLO  |d Aplikačný potenciál baktérií Paracoccus sp.  |e 60636  |f Akbarová, Kristína  |g 044310  |h 3346  |i Krištofíková, Ľudmila  |j 20150714  |k 752  |l 04  |m http://is.stuba.sk/zp/portal_zp.pl?podrobnosti=101322  |n B-BIOPOT  |o 5.2.25. biotechnológie